<?xml version='1.0' encoding='UTF-8'?><?xml-stylesheet href='static/style.xsl' type='text/xsl'?><OAI-PMH xmlns="http://www.openarchives.org/OAI/2.0/" xmlns:xsi="http://www.w3.org/2001/XMLSchema-instance" xsi:schemaLocation="http://www.openarchives.org/OAI/2.0/ http://www.openarchives.org/OAI/2.0/OAI-PMH.xsd"><responseDate>2026-05-01T08:38:51Z</responseDate><request verb="GetRecord" identifier="oai:ebiltegia.mondragon.edu:20.500.11984/14062" metadataPrefix="marc">https://ebiltegia.mondragon.edu/oai/request</request><GetRecord><record><header><identifier>oai:ebiltegia.mondragon.edu:20.500.11984/14062</identifier><datestamp>2026-03-09T17:03:10Z</datestamp><setSpec>com_20.500.11984_473</setSpec><setSpec>col_20.500.11984_476</setSpec></header><metadata><record xmlns="http://www.loc.gov/MARC21/slim" xmlns:dcterms="http://purl.org/dc/terms/" xmlns:xsi="http://www.w3.org/2001/XMLSchema-instance" xmlns:doc="http://www.lyncode.com/xoai" xsi:schemaLocation="http://www.loc.gov/MARC21/slim http://www.loc.gov/standards/marcxml/schema/MARC21slim.xsd">
   <leader>00925njm 22002777a 4500</leader>
   <datafield ind2=" " ind1=" " tag="042">
      <subfield code="a">dc</subfield>
   </datafield>
   <datafield ind2=" " ind1=" " tag="720">
      <subfield code="a">Zubizarreta Pagaldai, Ane</subfield>
      <subfield code="e">author</subfield>
   </datafield>
   <datafield ind2=" " ind1=" " tag="720">
      <subfield code="a">Imaz Agirre, Ainara</subfield>
      <subfield code="e">author</subfield>
   </datafield>
   <datafield ind2=" " ind1=" " tag="260">
      <subfield code="c">2026</subfield>
   </datafield>
   <datafield ind2=" " ind1=" " tag="520">
      <subfield code="a">Teachers’ digital competence (TDC) is affected by personal and context-related factors. Although widely examined across educational levels, research on vocational education training (VET) remains scarce. This study aims to analyse the perceived level of TDC among basic VET teachers in the Basque Autonomous Community and to identify the main personal and contextual predictors influencing it. A quantitative study was conducted with 180 basic VET teachers. The results indicate that the perceived level of TDC among basic VET teachers is comparable to that reported in other educational contexts. Furthermore, in two dimensions of TDC the frequency of use of digital technology for teaching and learning processes was the most significant predictor, assessment-related factors and infrastructure showed a negative association with one dimension of TDC. These findings contribute to a better understanding of digital competence in VET and provide evidence to inform educational policy and teacher training programmes.</subfield>
   </datafield>
   <datafield ind1="8" ind2=" " tag="024">
      <subfield code="a">1475-939X</subfield>
   </datafield>
   <datafield ind1="8" ind2=" " tag="024">
      <subfield code="a">1747-5139</subfield>
   </datafield>
   <datafield ind1="8" ind2=" " tag="024">
      <subfield code="a">https://katalogoa.mondragon.edu/janium-bin/janium_login_opac.pl?find&amp;ficha_no=200752</subfield>
   </datafield>
   <datafield ind1="8" ind2=" " tag="024">
      <subfield code="a">https://hdl.handle.net/20.500.11984/14062</subfield>
   </datafield>
   <datafield tag="653" ind2=" " ind1=" ">
      <subfield code="a">Digital competence</subfield>
   </datafield>
   <datafield tag="653" ind2=" " ind1=" ">
      <subfield code="a">Vocational  education and training</subfield>
   </datafield>
   <datafield tag="653" ind2=" " ind1=" ">
      <subfield code="a">Twenty-first-century skills</subfield>
   </datafield>
   <datafield ind2="0" ind1="0" tag="245">
      <subfield code="a">Teachers´ digital competence in basic vocational education training in the Basque Autonomous Community: the impact of personal and context-related factors</subfield>
   </datafield>
</record></metadata></record></GetRecord></OAI-PMH>